Catálogo
 En Linea

Por los aros del mundo / (Registro nro. 35400)

Detalles MARC
000 -CABECERA
campo de control de longitud fija 00904nam a2200229 a 4500
001 - NÚMERO DE CONTROL
campo de control 000035909
005 - FECHA Y HORA DE LA ÚLTIMA TRANSACCIÓN
campo de control 20200930074718.0
008 - DATOS DE LONGITUD FIJA--INFORMACIÓN GENERAL
campo de control de longitud fija 111115s2011 dr ac r 000 0 spa d
040 ## - FUENTE DE LA CATALOGACIÓN
Centro catalogador/agencia de origen DO-SdBNP
Lengua de catalogación spa
Centro/agencia transcriptor BNPHU
082 ## - NÚMERO DE LA CLASIFICACIÓN DECIMAL DEWEY
Número de clasificación 796.323
Número de documento/Ítem R696p
100 1# - ENTRADA PRINCIPAL--NOMBRE DE PERSONA
Nombre de persona Rodríguez Escarramán, Alex
9 (RLIN) 61909
245 14 - MENCIÓN DE TÍTULO
Título Por los aros del mundo /
Mención de responsabilidad, etc. Alex Rodríguez Escarramán.
260 ## - PUBLICACIÓN, DISTRIBUCIÓN, ETC.
Lugar de publicación, distribución, etc. Santo Domingo :
Nombre del editor, distribuidor, etc. [s.n.,
Fecha de publicación, distribución, etc. 2011].
300 ## - DESCRIPCIÓN FÍSICA
Extensión 225 p. ;
Dimensiones 23 cm.
520 ## - SUMARIO, ETC.
Sumario, etc. Se presentan los resultados de las selecciones de baloncesto de República Dominicana 1946-2010, estadísticas individuales y equipos dominicanos.
500 ## - NOTA GENERAL
Nota general Incluye datos biográficos del autor
504 ## - NOTA DE BIBLIOGRAFÍA, ETC.
Nota de bibliografía, etc. Bibliografía : p. 225-226.
590 ## - NOTA LOCAL (RLIN)
Nota local Inventariado, 2018/BT
650 #4 - PUNTO DE ACCESO ADICIONAL DE MATERIA--TÉRMINO DE MATERIA
Término de materia o nombre geográfico como elemento de entrada Baloncesto
Subdivisión geográfica República Dominicana
Subdivisión general Biografías
9 (RLIN) 61910
650 #4 - PUNTO DE ACCESO ADICIONAL DE MATERIA--TÉRMINO DE MATERIA
Término de materia o nombre geográfico como elemento de entrada Deportes
Subdivisión geográfica República Dominicana
9 (RLIN) 19547
910 ## - DATOS DE OPCIÓN DEL USUARIO (OCLC)
Datos de opción del usuario Validado. Control de calidad. EMS
Existencias
Estado de retiro Estado de pérdida Restricciones de uso No para préstamo Código de colección Localización permanente Ubicación/localización actual Ubicación en estantería Fecha de adquisición Número de inventario Total de préstamos Signatura topográfica completa Código de barras Fecha visto por última vez Número de copia Precio válido a partir de Tipo de ítem Koha
        Dominicana de Servicio General General Depósito 16.11.2011 LF1   796.323 R696p 35909-30 25.06.2020 e.3 25.06.2020 Libro y Folleto Colección Dominicana de Servicio
      Excluido de préstamo Patrimonio Dominicano Patrimonio Dominicano Patrimonio Dominicano Depósito 15.11.2011 LF1   796.323 R696p 35909-10 25.06.2020   25.06.2020 Libro y Folleto Colección Patrimonio Dominicano
      Excluido de préstamo Patrimonio Dominicano Patrimonio Dominicano Patrimonio Dominicano Depósito 15.11.2011 LF1   796.323 R696p 35909-20 25.06.2020 e.2 25.06.2020 Libro y Folleto Colección Patrimonio Dominicano

Con tecnología Koha